00818 a2200217 4500010001400000020002600014035001300040037001600053082001100069090001700080100001700097245014300114260004500257270005400302300003000356500001900386700001600405942002600421999001700447952013600464 aENG-90192 a9788120335196c695.00 aEN-73725 bDBAD / PUB14a005.44 c12812d128121 aMackin, J.C.1 aMCTS self-paced training kit (exam 70-643) : configuring Windows Server 2008 applications infrastructure/cby J.C. Mackin [and] Anil Desai aNew DelhibPrentice-Hall of Indiac2008 aM-97, Connaught CircusbNew DelhicDelhie110001 axxxiv, 673p.c27 cm ( Hb) aIncludes index aDesai, Anil adplcENk005.44 / MAC c12449d12449 00102ddc40718NFICaDBADbDBADeDBAD/PUBg695.00l0o005.44 MACpEN-73725r2008-09-15 00:00:00t1u13687v695.00w2008-09-15yEN